000 00551nam a22001697a 4500
003 OSt
005 20260312102431.0
008 260312b |||||||| |||| 00| 0 eng d
020 _a0844247812
040 _cVGM Career Horizons
050 _aHD 9696 .A8644 1997
_b.A8644 1997
245 _aVGM Business portraits:
_bApple/
_cGould William
250 _a1st edition
260 _aCHICAGO:
_bVGM Career Horizons,
_c1947.
300 _a48 pages,
_bhardcover, includes bibliographic references and index,
_cill. : som col, 24 cm.
942 _2lcc
_cBK
_e1st ed.
_n0
999 _c9972
_d9972